Unit 18 Middle East Vocab - Statistics

General Stats
  • This quiz has been taken 10 times
  • The average score is 14 of 15
Answer Stats
Hint Answer % Correct
the main language spoken in the Middle East Arabic
100%
the pyramids are located in what country egypt
100%
the main river located in Egypt is the __ river nile
100%
countries that have a lot of petroleum belong to what group OPEC
100%
a person who flees their country because it is dangerous to stay there is called a refugee
100%
the Persian Gulf is also called the __ Gulf arabian
89%
a very dry place that gets very little rain is called a desert
89%
if you worship in a mosque you practice what religion islam
89%
the country where most people who practice Judaism live is called israel
89%
this city in Israel is sacred to Christians, Jews, and Muslims Jerusalem
89%
the cube located in Mecca is called the kaaba
89%
oil drilling, farming, and ranching are all __ jobs at the first level primary
89%
the large desert located in North Africa sahara
89%
the __ Canal is a waterway shortcut connecting the Mediterranean Sea to the Red Sea suez
89%
fancy handwriting is called calligraphy
78%
No matching quizzes found
Score Distribution
Percent of People with Each Score
Percentile by Number Answered
Your Score History
You have not taken this quiz